LEADER 01417nam a2200229 i 4500 001 000000222700 003 CaOOAMICUS 005 20130924000000.0 008 130924s1979 it u000 u fre u 013 $a201597 040 $aSeMil$bita 240 00$aSaint-Thierry.$0(OLS)http://semarc/title/319279 245 10$a[Saint-Thierry :$bune abbaye du 6. au 20. siècle. Actes du Colloque international d'Histoire monastique Reims-Saint-Thierry, 11 au 14 octobre 1976, publie avec le concours du Centre National de la Recherche Scientifique]. 260 $aSaint-Thierry :$bAssociation des amis de l'abbaye de Saint-Thierry,$c1979. 300 $aP. 395-412 ;$c27 cm. 600 04$aGuglielmo : di Saint-Thierry .$0(OLS)http://semarc/subject/11171 700 1 $aColloque international d'histoire monastique <1976 ; Reims-Saint-Thierry>.$0(OLS)http://semarc/name/77757 850 $aSeMil 852 $aSeMil$W1$xVenegono$y1$m5D VII 19/17$j173046$B173046$CSeMilBibl$Z2$F183345 $81 961 $aOmaggio: Altro 996 $6245$a[Saint-Thierry :$bune abbaye du 6. au 20. siècle. Actes du Colloque international d'Histoire monastique Reims-Saint-Thierry, 11 au 14 octobre 1976, publie avec le concours du Centre National de la Recherche Scientifique]$9(OLS)http://semarc/title/319280 996 $6260$aSaint-Thierry :$bAssociation des amis de l'abbaye de Saint-Thierry$9(OLS)http://semarc/publisher/53273 LEADER 01110nam a2200241 i 4500 001 000000065980 003 CaOOAMICUS 005 20130314000000.0 008 130314s1954 it u000 u ita u 013 $a37152 040 $aSeMil$bita 245 13$aLa Madonna e l'Eucaristia :$bdocumentazione iconografica. 246 04$iTitolo in copertina:$aLa Madonna e la Eucaristia 260 $aRoma :$b[s.n.],$ccopyr. 1954$e(Torino :$fStab. grafico Marietti,$gcopyr. 1954) 300 $aXVIII, 223 p. :$bill. ;$c25 cm. 500 $aContiene : Bibliografia. - In testa al front : Stabile Consilium Internationalibus Eucharisticis Conventibus Provehendis. 650 4$aMadonna nell'arte.$0(OLS)http://semarc/subject/44945 850 $aSeMil 852 $aSeMil$W1$xVenegono$y1$m2L V 170$j32133$B32133$CSeMilBibl$Z2$F32136 $81 961 $aOmaggio: Donazione 996 $6245$aLa Madonna e l'Eucaristia :$bdocumentazione iconografica$9(OLS)http://semarc/title/104829 996 $6246$aLa Madonna e la Eucaristia$9(OLS)http://semarc/title/104830 996 $6260$aRoma :$b[s.n.]$9(OLS)http://semarc/publisher/29738